Let's go to.. : (Record no. 116536)
[ view plain ]
| 000 -LEADER | |
|---|---|
| fixed length control field | 00482nam a2200145 a 4500 |
| 005 - DATE AND TIME OF LATEST TRANSACTION | |
| control field | 20140513081056.0 |
| 008 - FIXED-LENGTH DATA ELEMENTS--GENERAL INFORMATION | |
| fixed length control field | 070905s19uu xx 00 eng d |
| 050 ## - LIBRARY OF CONGRESS CALL NUMBER | |
| Classification number | VCD |
| Item number | Le438 2003 |
| 245 ## - TITLE STATEMENT | |
| Title | Let's go to.. : |
| Remainder of title | Speech & Skill Develo[pment Video Program. |
| 260 ## - PUBLICATION, DISTRIBUTION, ETC. (IMPRINT) | |
| Place of publication, distribution, etc | Philippines : |
| Name of publisher, distributor, etc | Magnavision, |
| Date of publication, distribution, etc | 1987. |
| 440 ## - SERIES STATEMENT/ADDED ENTRY--TITLE | |
| Title | Special Kids |
| 520 ## - SUMMARY, ETC. | |
| Summary, etc | Special kids proves anything's possible for the learner with special needs. |
| 650 ## - SUBJECT ADDED ENTRY--TOPICAL TERM | |
| Topical term or geographic name as entry element | Children-learner-special. |
| Withdrawn status | Lost status | Damaged status | Home library | Current library | Shelving location | Date acquired | Source of acquisition | Cost, normal purchase price | Total Checkouts | Full call number | Barcode | Date last seen | Price effective from | Koha item type |
|---|---|---|---|---|---|---|---|---|---|---|---|---|---|---|
| Elizalde Library | Elizalde Library | Audio Visual Material Section | 09/05/2007 | 150.00 | VCD Le438 2003 | E633 | 05/13/2014 | 05/13/2014 | Audio Visual Materials |